00450nam a2200133Ia 4500008004100000020001800041050002200059245006700081260004400148300002100192440004500213500005100258521000700309140529s9999 xx 000 0 und d a9780230238831 aHD 82b.Ec19 2010 aEconomic growth /cedited by Steven N. Durlauf, Lawrence Blume aNew York :bPalgrave Macmillan,cc2010. a276 p. ;c24 cm. a(The new Palgrave economics collection). aIncludes bibliographical references and index. aGE